Managerial accounting / (Record no. 1991)

MARC details
000 -LEADER
fixed length control field 00922nam a22002652 4500
001 - CONTROL NUMBER
control field 0000002422
005 - DATE AND TIME OF LATEST TRANSACTION
control field 20151217145729.0
008 - FIXED-LENGTH DATA ELEMENTS--GENERAL INFORMATION
fixed length control field 070410s xx 000 0 eng d
020 ## - INTERNATIONAL STANDARD BOOK NUMBER
International Standard Book Number 0618102302 :
040 ## - CATALOGING SOURCE
Original cataloging agency KABU
Transcribing agency KABU
050 #0 - LIBRARY OF CONGRESS CALL NUMBER
Classification number HF5657.4
Item number .N44 2002
100 1# - MAIN ENTRY--PERSONAL NAME
Personal name Needles, Belverd E.
-- 0000151783
245 10 - TITLE STATEMENT
Title Managerial accounting /
Statement of responsibility, etc. Belverd E. Needles, Susan V. Crosson.
250 ## - EDITION STATEMENT
Edition statement 2002 ed.
260 ## - PUBLICATION, DISTRIBUTION, ETC. (IMPRINT)
Place of publication, distribution, etc. Boston :
Name of publisher, distributor, etc. Houghton Mifflin,
Date of publication, distribution, etc. c2002.
300 ## - PHYSICAL DESCRIPTION
Extent xxxii, 621 p. :
Other physical details col. ill. ;
Dimensions 29 cm.
500 ## - GENERAL NOTE
General note Rev. ed. of: Managerial accounting / Belverd E. Needles, Jr. ... [et al.]. 5th ed. c1999.
504 ## - BIBLIOGRAPHY, ETC. NOTE
Bibliography, etc Includes bibliographical references and indexes.
650 #0 - SUBJECT ADDED ENTRY--TOPICAL TERM
Topical term or geographic name as entry element Accounting.
-- 0000148321
650 #0 - SUBJECT ADDED ENTRY--TOPICAL TERM
Topical term or geographic name as entry element Managerial accounting.
-- 0000151472
700 1# - ADDED ENTRY--PERSONAL NAME
Personal name Crosson, Susan V.
-- 0000151784
908 ## - PUT COMMAND PARAMETER (RLIN)
Put command parameter 070410
950 ## - LOCAL HOLDINGS (RLIN)
-- 1
Holdings
Withdrawn status Lost status Source of classification or shelving scheme Not for loan Home library Current library Date acquired Total Checkouts Full call number Barcode Date last seen Price effective from Koha item type
    Library of Congress Classification   Kabarak, Main Campus Kabarak, Main Campus 17/12/2015   HF5657.4 .N44 2002 003351 17/12/2015 17/12/2015 General Collection
Designed with assistance from East African Informatics Ltd